En el punto de mira / (Record no. 179452)

MARC details
000 -LEADER
campo de control de longitud fija 00573nam a2200193 i 4500
001 - NÚMERO DE CONTROL
campo de control 179452
003 - IDENTIFICADOR DE NÚMERO DE CONTROL
campo de control ES-MaACL
005 - FECHA Y HORA DE LA ÚLTIMA TRANSACCIÓN
campo de control 20230921201218.0
008 - DATOS DE LONGITUD FIJA--INFORMACIÓN GENERAL
campo de control de longitud fija 111201s2010 sp | |||||||| | spa d
020 ## - NÚMERO INTERNACIONAL ESTÁNDAR DEL LIBRO
Número Internacional Estándar del Libro 978-84-92760-17-6
080 ## - NÚMERO DE LA CLASIFICACIÓN DECIMAL UNIVERSAL
Número de la Clasificación Decimal Universal 821.134.2-31"19"
100 1# - ENTRADA PRINCIPAL--NOMBRE DE PERSONA
Nombre de persona Parrondo, Adelaida.
9 (RLIN) 148666
245 10 - MENCIÓN DEL TÍTULO
Título En el punto de mira /
Mención de responsabilidad, etc. Adelaida Parrondo.
260 ## - PUBLICACIÓN, DISTRIBUCIÓN, ETC.
Lugar de publicación, distribución, etc. Madrid :
Nombre del editor, distribuidor, etc. ES Ediciones,
Fecha de publicación, distribución, etc. D.L. 2010.
300 ## - DESCRIPCIÓN FÍSICA
Extensión 247 p. ;
Dimensiones 21 cm.
852 ## - LOCALIZACIÓN
Ubicación ES-MaACL
Número de control de estantería A-11739
itemnumber 186345
Sublocalización o colección R.146756
Ubicación en estantería Depósito 1
Signatura antigua Olim: N-4744
942 ## - ELEMENTOS DE ENTRADA SECUNDARIOS (KOHA)
Fuente del sistema de clasificación o colocación Clasificación decimal universal
Tipo de ítem Koha Libro impreso
Holdings
Estatus retirado Estado de pérdida Fuente del sistema de clasificación o colocación Estado de daño No para préstamo Biblioteca de origen Biblioteca actual Ubicación en estantería Fecha de adquisición Fuente de adquisición Total de préstamos Signatura topográfica completa Código de barras Visto por última vez Precio de reemplazo Tipo de ítem Koha
    Clasificación decimal universal     Biblioteca del Ateneo de Madrid Biblioteca del Ateneo de Madrid Sala Pecera Planta 1 01/12/2011 Donación   A-11739 1188521 23/02/2023 23/02/2023 Libro impreso